000 00515nam a2200181Ia 4500
001 24136
005 20260414151023.0
008 260414t2011||||xx |||||||||||||| ||spa||
041 _aESP
082 _a781.26854
_bV933
100 _aVega Salvatierra, Zoila
_eAUT
245 0 _aMúsica en la catedral de Arequipa 1609 - 1881 :
_bFuentes, reglamentación, ceremonias y capilla catedralicia
260 _c2011
300 _a254 páginas :
_c23 cm.
650 _aABD
654 _aCAU
942 _cLIB
_dJUS
_fJUS
_2ddc
_n
999 _c24136
_d24136